000 01517nam a22001457a 4500
999 _c515901
_d515901
008 210211b ||||| |||| 00| 0 eng d
100 _aGroeneveld, Sandra, Bakker, Vincent and Schmidt, Eduard
_924196
245 _aBreaking the glass ceiling, but facing a glass cliff? The role of organizational decline in women's representation in leadership positions in Dutch civil service organizations
260 _aPublic Administration
300 _a98(2), Jun, 2020: p.441-464
520 _aDespite efforts to increase gender diversity and equality worldwide, women are still underrepresented in leadership positions in public bureaucracies. This article speaks to the debate on how organizational context, more specifically organizational decline, may influence gender representation in such leadership positions. Based on role congruity theory and glass cliff theory this article empirically examines whether and how excessive workforce reductions are associated with changes in the representation of women in leadership positions in Dutch civil service organizations. Panel analyses on administrative data show that women's representation in leadership positions varies over time, but is not significantly affected by excessive workforce reductions. Overall, the analyses do not provide evidence for a glass cliff for women in Dutch civil service organizations. Implications for theory and future research are discussed. – Reproduced
773 _aPublic Administration
906 _aCIVIL SERVICE
942 _cAR